Daily Capital City Riddle #130 - Statistics

General Stats
  • This quiz has been taken 27 times
  • The average score is 27 of 34
Answer Stats
Type Answer % Correct
Alphabet Letter A
100%
Alphabet Letter G
100%
Found Letter N
100%
Alphabet Letter O
100%
Alphabet Letter B
96%
Found Letter I
96%
Found Letter L
96%
Alphabet Letter M
96%
Alphabet Letter R
96%
Alphabet Letter T
96%
Correctly Placed Letter I
92%
Found Letter S
92%
Alphabet Letter E
88%
Alphabet Letter K
88%
Alphabet Letter P
88%
Alphabet Letter C
83%
Alphabet Letter J
83%
Found Letter U
83%
Alphabet Letter D
79%
Alphabet Letter W
79%
Alphabet Letter H
75%
Correctly Placed Letter I
75%
Alphabet Letter Y
71%
Correctly Placed Letter L
67%
Alphabet Letter Q
58%
Correctly Placed Letter U
58%
Found Letter V
58%
Alphabet Letter X
58%
Alphabet Letter Z
58%
Alphabet Letter F
54%
Correctly Placed Letter N
54%
Correctly Placed Letter S
50%
Correctly Placed Letter V
50%
Mystery Capital Vilnius
50%
No matching quizzes found
Score Distribution
Percent of People with Each Score
Percentile by Number Answered
Your Score History
You have not taken this quiz